Television and radar encyclopaedia.

Bibliographic Details
Main Author: MacLanachan, William
Format: Book
Language:English
Published: London : Newnes, [1953]
Subjects:

MARC

Tag First Indicator Second Indicator Subfields
LEADER 00000cam a2200000 4500
001 in00000026495
005 20151007062538.0
008 781106s1953 enka d 00000 eng
010 |a  53022988  
035 |a (OCoLC)04350816 
035 |9 AAD5174AM 
040 |a DLC  |c LDL  |d TXA  |d UtOrBLW 
049 |a TXAM  |c 1 [232674]  |c 2 [374829] 
050 0 0 |a TK6634  |b .M2 
082 0 |a 621.3803 
092 |a 621.3803  |b M161t 
100 1 |a MacLanachan, William. 
245 1 0 |a Television and radar encyclopaedia. 
264 1 |a London :  |b Newnes,  |c [1953] 
300 |a viii, 216 pages :  |b illustrations ;  |c 22 cm. 
336 |a text  |b txt  |2 rdacontent 
337 |a unmediated  |b n  |2 rdamedia 
338 |a volume  |b nc  |2 rdacarrier 
650 0 |a Television  |v Dictionaries. 
650 0 |a Radar  |x Dictionaries. 
999 |a MARS 
999 f f |s ba238b6d-e226-33b6-95c4-0238369bdc8e  |i 0f5b3867-4806-3135-93fc-863ac111b9ab  |t 0 
952 f f |p ric  |a Texas A&M University  |b Rellis Campus  |c Joint Library Facility  |s JLF  |d Remote Storage  |t 0  |e TK6634 .M2  |h Library of Congress classification  |i unmediated -- volume  |m A14801037324 
998 f f |a TK6634 .M2  |t 0  |l Remote Storage